Predstavujeme Korešpondenčnú školu Poradcu podnikateľa
Ilustračné príklady z problematiky výpočtu obstarávacej ceny stroja a konečného zostatku zásob pomocou rôznych metód. Riešenia príkladov.
Guardado en:
| Autor principal: | |
|---|---|
| Formato: | Capítulo de libro |
| Lenguaje: | eslovaco |
| Materias: | |
| Etiquetas: |
Sin Etiquetas, Sea el primero en etiquetar este registro!
|
MARC
| LEADER | 00000naa a2200000 4500 | ||
|---|---|---|---|
| 001 | r030183 | ||
| 005 | 20230809081114.4 | ||
| 041 | 0 | |a slo | |
| 044 | |a SK | ||
| 245 | 1 | 0 | |a Predstavujeme Korešpondenčnú školu Poradcu podnikateľa |c Štefan Cisko |
| 520 | |a Ilustračné príklady z problematiky výpočtu obstarávacej ceny stroja a konečného zostatku zásob pomocou rôznych metód. Riešenia príkladov. | ||
| 610 | 2 | 0 | |a financie podnikové |
| 610 | 2 | 0 | |a ceny obstarávacie |
| 610 | 2 | 0 | |a stroje |
| 610 | 2 | 0 | |a zásoby |
| 100 | 1 | |a Cisko, Štefan | |